Εκκλησία : επίσημον δελτίον της Εκκλησίας της Ελλάδος : ευρετήριον τόμων Α (1923-1924) - Ν (1973)
Αποθηκεύτηκε σε:
| Κύριος συγγραφέας: | |
|---|---|
| Μορφή: | Βιβλίο |
| Γλώσσα: | Greek |
| Δημοσίευση: |
ΑΘήνα :
1978
|
| Θέματα: | |
| Ετικέτες: |
Προσθήκη ετικέτας
Δεν υπάρχουν, Καταχωρήστε ετικέτα πρώτοι!
|
MARC
| LEADER | 00000cam a2200000 i 4500 | ||
|---|---|---|---|
| 001 | 1/104945 | ||
| 008 | 950607s1978 gre d | ||
| 035 | |l 10013469 | ||
| 040 | |a GR-MY-UA |b gre |e aacr | ||
| 041 | 0 | |a gre | |
| 082 | 0 | |a 254.4 | |
| 100 | 1 | |a Ανεστίδης, Αδαμάντιος Στ. | |
| 245 | 1 | 0 | |a Εκκλησία : |b επίσημον δελτίον της Εκκλησίας της Ελλάδος : ευρετήριον τόμων Α (1923-1924) - Ν (1973) / |c Αδαμάντιος Στ. Ανεστίδης ; πρόλογος Κωνσταντίνου Γ. Μπόνη |
| 260 | |a ΑΘήνα : |c 1978 | ||
| 650 | 0 | 0 | |a Church publicity. |
| 650 | 0 | 0 | |a Church periodicals. |
| 852 | |a INST |b LESVOS |e 19950607 |h 254.4 ΕΚΚ |p 005100000161 |q 005100000161 |t BK |y 0 |z τ.1 | ||
| 852 | |a INST |b LESVOS |e 19950607 |h 254.4 ΕΚΚ |p 005100000162 |q 005100000162 |t BK |y 0 |z τ.2 | ||
| 852 | |a INST |b LESVOS |e 19950607 |h 254.4 ΕΚΚ |p 005100000161 |q 005100000161 |t BK |v τ.1: |y 0 |z τ.1 | ||
| 852 | |a INST |b LESVOS |e 19950607 |h 254.4 ΕΚΚ |p 005100000162 |q 005100000162 |t BK |v τ.2: |y 0 |z τ.2 | ||
| 853 | |a INST |b LESVOS |h 254.4 ΕΚΚ | ||
| 909 | |a Λ |b 023155 | ||
| 909 | |a Λ |b 023156 | ||
| 970 | |z 2000/05/ΟΙΚΟΝΟΜΟΠΟΥΛΟΥ ΧΡΙΣΤΙΝΑ | ||